000 00540nam a22002177a 4500
003 UA-OsUOA
001 123255
007 ta
008 20170612b un ||||| |||| 00| 0 ukr d
100 _aКапсамун І.
090 _a32
_bК20
942 _cSA
040 _aUA-OsUOA
_bukr
_cUA-OsUOA
_dUA-OsUOA
245 _aЯк навчити українську владу жити своєю історією
300 _aС.4
955 _a0
041 _aukr
080 _a32
773 0 _w123254
650 7 _a32 Політика
_2UDC
999 _c410151
_d410151